Multimodality across communicative settings, discourse domains and genres

Gespeichert in:
Bibliographische Detailangaben
Hauptverfasser: Bonsignori, Veronica (VerfasserIn), Crawford Camiciottoli, Belinda (VerfasserIn)
Format: Buch
Sprache:Englisch
Veröffentlicht: Cambridge Cambridge Scholars Publishing 2016
Ausgabe:1a. ed
Schlagworte:
Tags: Tag hinzufügen
Keine Tags, Fügen Sie den ersten Tag hinzu!

MARC

LEADER 00000cam a2200000 a 4500
001 UCC0320
003 CL-VaPUC
008 170804e20160000uk |||||||||||||||||eng|d
020 |a 9781443811071 
082 0 4 |a 401.41  |b BON  |2 21 
100 0 |a Bonsignori, Veronica  |e author  |9 594229 
700 0 |a Crawford Camiciottoli, Belinda  |e author  |9 594230 
245 1 0 |a Multimodality across communicative settings, discourse domains and genres 
250 |a 1a. ed 
300 |a 268 p 
942 |c BK 
945 |d 20170804 10:38:00  |a dcastane 
260 |a Cambridge  |b Cambridge Scholars Publishing  |c 2016 
650 0 |a Lingüística aplicada   |9 313266 
650 0 |a Análisis del discurso  |9 256696 
650 0 |a Gramática  |9 270497 
650 7 |a PUNTUACION  |2 CL-VaPUC  |9 334246 
650 0 |a Sintaxis  |9 318843 
583 |a last modification  |c 20170804 10:38:00  |k Rodrigo Vera 
999 |c 369181  |d 369179 
952 |0 0  |1 0  |3 erd  |4 0  |6 401_410000000000000_BON_2016  |7 0  |8 A  |9 484772  |a FDOPOS  |b FDOPOS  |i 5412803  |o 401.41 BON 2016  |p 5412803  |r 2025-01-22  |w 2019-11-24  |y BK  |z Catalogado en:20170804  |k DLA